Co může otřást trhem ropy
Situácia na svetovom trhu ropy. Ťažba ropy a kvóty členských krajín OPEC. Predpokladaný vývoj cien ropy.
Enregistré dans:
| Auteur principal: | |
|---|---|
| Format: | Chapitre de livre |
| Langue: | tchèque |
| Sujets: | |
| Tags: |
Pas de tags, Soyez le premier à ajouter un tag!
|
MARC
| LEADER | 00000naa a2200000 4500 | ||
|---|---|---|---|
| 001 | r014031 | ||
| 005 | 20221205075911.8 | ||
| 041 | 0 | |a cze | |
| 044 | |a SK | ||
| 245 | 1 | 0 | |a Co může otřást trhem ropy |c D. Truncová |
| 520 | |a Situácia na svetovom trhu ropy. Ťažba ropy a kvóty členských krajín OPEC. Predpokladaný vývoj cien ropy. | ||
| 610 | 2 | 0 | |a trh svetový |
| 610 | 2 | 0 | |a ropa |
| 610 | 2 | 0 | |a OPEC |
| 610 | 2 | 0 | |a ceny |
| 100 | 1 | |a Truncová, D. | |